Österreichische Kulturbilder aus dem Mittelalter /

Bibliographic Details
Main Author: Koller, Ludwig
Format: Book
Language:German
Published: Regensburg : G.J. Manz, 1914.
Series:Geschichtliche Jugend- und Volksbibliothek ; 46. Bd.
Subjects:

MARC

Tag First Indicator Second Indicator Subfields
LEADER 00000cam a2200000 a 4500
001 in00001319084
005 20151005085128.0
008 961211s1914 au a b 000 0 ger d
035 |a (OCoLC)36072061 
035 |9 AHD9639AM 
040 |a TXA  |c TXA  |d UtOrBLW 
043 |a e-au--- 
049 |a TXAM 
090 |a DB30  |b .K65 1914 
100 1 |a Koller, Ludwig. 
245 1 0 |a Österreichische Kulturbilder aus dem Mittelalter /  |c von Ludwig Koller. 
264 1 |a Regensburg :  |b G.J. Manz,  |c 1914. 
300 |a 144 pages :  |b illustrations ;  |c 20 cm. 
336 |a text  |b txt  |2 rdacontent 
337 |a unmediated  |b n  |2 rdamedia 
338 |a volume  |b nc  |2 rdacarrier 
490 1 |a Geschichtliche Jugend- und Volksbibliothek ;  |v 46. Bd 
504 |a Includes bibliographical references (pages [iii]). 
651 0 |a Austria  |x Civilization. 
830 0 |a Geschichtliche Jugend- und Volksbibliothek ;  |v 46. Bd. 
999 |a MARS 
999 f f |s c143cdef-9b67-3124-80b5-dd29b96d1710  |i 1e3f1945-7b83-37e4-852a-002f5356f8c7  |t 0 
952 f f |p ric  |a Texas A&M University  |b Rellis Campus  |c Joint Library Facility  |d Remote Storage  |t 0  |e DB30 .K65 1914  |h Library of Congress classification  |i unmediated -- volume  |m A14820597359 
998 f f |a DB30 .K65 1914  |t 0  |l Remote Storage